000 00239nam a2200097Ia 4500
005 20251222114350.0
008 251222s1900||||xx |||||||||||||| ||spa||
082 _aDVD0093/M44/2010
245 0 _aEl silencio mata: campaƱa (Spot):
942 _cDVD
999 _c1222
_d1222